000 01606nam a22002657a 4500
005 20111102142633.0
008 111102t xxu||||| |||| 00| 0 mar d
010 _aMAR-21607
020 _c280.00
_a9788184982886
035 _aMR-14265
037 _bDBAD / PUB
040 _aDPL
_bMR
082 _a158.1
100 _935655
_aकॅनफिल्ड,जॅक
245 _aचिकन सूप फॉर द सोल :
_cजॅक कॅनफिल्ड,मार्क व्हिक्टर हॅनसन तथा मर्सिया हिगिन्स व्हाइट ; सुनीति काणे द्वारा अनुवादित
_bडेली इन्स्पिरेशन्स फॉर विमेन /
246 _aChicken Soup For The Daily Inspirations For Women
_bby Jack Canfield,Mark Victorand and Marcia Higgins White
260 _aपुणे
_bमेहता पब्लिशिंग हाऊस
_c2011
270 _a1941सदाशिव पेठ,माडीवाले कॉलनी,
_bपुणे
_e411030
300 _a322पृ.
_c22सेमी(अजिल्द)
700 _aहॅनसन,मार्क व्हिक्टर
_935929
700 _aहिगिन्स व्हाइट,मर्सिया
_935935
700 _aकाणे,सुनीति
_935936
942 _2ddc
_cMR
_mकॅनफि
_h158.1
999 _c58555
_d58555